000 00919nas a2200313 4500
001 BR0300082
003 BR-BrBNA
005 20231205103450.0
007 ta
008 230509b bl.|||p| |||| 00| 00por d
040 _aBR-BrBNA
_bpor
_cBiblioteca Nacional de Agricultura
041 _a(Pt)
072 _aF70
100 1 _aMendonça, R.C. de
100 1 _aFelfili, J.M.
100 1 _aFagg, C.W.
100 1 _aSilva, M.A. da
100 1 _aFilgueiras, T.S.
100 1 _aWalter, B.M.T.
245 1 _aFlorística da região do Espigão Mestre do São Francisco, Bahia e Minas Gerais
650 _aTAXONOMIA VEGETAL
650 _aBOTÂNICA
650 _aFLORA
650 _aBAHIA
650 _aMINAS GERAIS
773 0 _tBoletim do Herbário Ezechias Paulo Heringer (Brazil)
_xISSN 0104-5334
_g(Dec 2000), v. 6 p. 38-94
_wBR0300082
909 _a202311
_bLúcia
_c55
_dLúcia Elande
942 _2AGRIS
_n0
_cANA
999 _c173010
_d173010